Quotable Who? Quiz Stats

 Plays Quiz Updated Mar 28, 2012

Challenge
Share
Tweet
Embed
Score 0/20 Timer 05:00
8 Plays Today
Quote Subject % Correct
Just moments ago, I spoke with [Person] and congratulated him on becoming the 43rd president of the United States.George W. Bush
97.8%
She could be president someday. She could go to any state and be elected to the Senate.Hillary Clinton
82.7%
I learned everything from her. ... It is a teacher-pupil relationship.Yoko Ono
79.4%
Yo, Taylor, I'm really happy for you, I'ma let you finish, but [person] had one of the best videos of all time! One of the best videos of all time!Beyoncé (Knowles)
75%
I dont want to be the next [person], I only want to be Kobe Bryant.Michael Jordan
74.7%
She made a rare and noble contribution to the American spirit. But for us, most of all she was a magnificent wife, mother, grandmother, sister, aunt, and friend.Jacqueline Kennedy Onassis
70.6%
If [person] invaded hell I would make at least a favorable reference to the devil in the House of Commons.(Adolf) Hitler
68.1%
[Person] always said I would be nothing without him, but who would he have been without me?(Muhammad) Ali
67.8%
[Person] got screwed, and I got screwed.Conan (O'Brien)
66%
I have a sneaking suspicion that if there were a way to make movies without actors, [person] would do it.George Lucas
57.9%
Quote Subject % Correct
It was a Greek tragedy. [Person] was fulfilling his own nature. Once it started it could not end otherwise.(Richard) Nixon
56%
[Person] still survives.Thomas Jefferson
50.7%
[Person] acted not through persuasion, explanation, and patient cooperation...but by imposing his concepts and demanding absolute submission...(Joseph) Stalin
50.3%
I think that most people don't even know that I do other things. They think that [fictional person] is all that I do.Homer (Simpson)
46.3%
I do think that, for instance, we've been very lucky to have theatrical careers and be associated with [person]...(William) Shakespeare
38.3%
I believe [person] can make this country what it once was... a large Arctic region covered with ice.Ronald Reagan
37.4%
No one, [person] said, can make you feel inferior without your consent.Eleanor Roosevelt
24.9%
No conqueror returning from a victory on the battlefield has come home adorned with nobler laurels than Mr. [Person] from Munich yesterday...(Neville) Chamberlain
16.7%
I am a Ford, not a [person].(Abraham) Lincoln
16.5%
[Person] is the pinnacle to which all other authors aspire.Jane Austen
7.2%

You're not logged in!

Compare scores with friends on all Sporcle quizzes.
Join for Free
OR
Log In

You Might Also Like...

Show Comments

Extras

Top Quizzes Today


Score Distribution

Your Account Isn't Verified!

In order to create a playlist on Sporcle, you need to verify the email address you used during registration. Go to your Sporcle Settings to finish the process.

Report this User

Report this user for behavior that violates our Community Guidelines.

Details: